Medzinárodný súdny dvor v Haagu v spore medzi Maďarskom a Slovenskom o sústave vodných diel Gabčíkovo-Nagymaros rozhodol v prospech Slovenska Maďarsko odstúpením od dokončenia vodného diela porušilo zmluvu s Československom z roku 1977

Bibliographic Details
Format: Article
Language:Slovak
PhysicalDescription:Fotogr. 1
Subjects:

MARC

LEADER 00000nab a2200000 a 4500
001 vtls000634537
003 SK-MaSNL
005 20260426095252.0
008 201103c1997 xo 0 slo
015 |a SNBRB19rr/mm-uuuuu 
035 |a CL0634676 
040 |a SNKBUCL  |b slo  |c SNKBUCL  |e AACR2 
041 0 |a slo 
044 |a xo  |c SK 
080 |a 341.224(437.6:439)  |2 1981 
080 |a 341.646  |2 1981 
080 |a 627.8(437.6:439)  |2 1981 
245 0 0 |a Medzinárodný súdny dvor v Haagu v spore medzi Maďarskom a Slovenskom o sústave vodných diel Gabčíkovo-Nagymaros rozhodol v prospech Slovenska  |b Maďarsko odstúpením od dokončenia vodného diela porušilo zmluvu s Československom z roku 1977 
300 |b Fotogr. 1 
650 0 7 |a diela vodné  |2 snkbucl  |9 893772 
650 0 7 |a Nagymaros  |2 snkbucl  |9 984710 
650 0 7 |a Medzinárodný súdny dvor, Haag  |2 snkbucl  |9 984195 
651 7 |a Slovensko  |2 SNKPHgeo  |9 14231 
651 7 |a Maďarsko  |2 snkbucl  |9 16754 
651 7 |a Gabčíkovo (Slovensko)  |2 snkbucl  |9 23512 
655 7 |a články z novín a časopisov  |2 snkbucl  |9 267496 
773 0 |t Slovenská republika  |g Roč. 5, č. 221 (26. 9. 1997), s. 1 
850 |a Slovenská národná knižnica v Martine  |a MTA001 
852 |a SNK  |b KIS3GCP 
958 |a SK 
958 |a HU 
958 |a RK 
958 |a RBX 
999 |c 3160921  |d 3162851